| 000 | 00485nam a2200205Ia 4500 | ||
|---|---|---|---|
| 003 | 0100 | ||
| 008 | 130303s9999 xx 000 0 und d | ||
| 040 | _cARRUPELIB | ||
| 050 | _aB72.J65 1952 | ||
| 100 | _aJones, W. T | ||
| 245 | _aKant to Wittgenstein and Sartre | ||
| 245 | _bA History of Western philosophy | ||
| 250 | _a2nd ed. | ||
| 260 | _aNew York | ||
| 260 | _bHarcourt, Brace & World | ||
| 260 | _C1952 | ||
| 300 | _axxii | ||
| 300 | _b 481p. 23cm. | ||
| 942 | 0 | 0 | _017 |
| 999 |
_c34739 _d34739 |
||